Panny /
Kriminální psychologický thriller z prostředí Cambridgské univerzity, který začíná vraždou studentky, členky tajného spolku zvaného Panny.
Uloženo v:
| Hlavní autor: | |
|---|---|
| Další autoři: | |
| Médium: | E-kniha |
| Jazyk: | Czech |
| Vydáno: |
Praha :
Motto,
2022
|
| Vydání: | Vydání první |
| Témata: | |
| Tagy: |
Žádné tagy |
| LEADER | 02386nam a2200445 i 4500 | ||
|---|---|---|---|
| 001 | 311535 | ||
| 003 | CZ PrSKC | ||
| 005 | 20260601215707.0 | ||
| 007 | ta | ||
| 008 | 220421s2022 xr g 000 f cze | ||
| 015 | |a cnb003417625 | ||
| 020 | |a 9788026722328 |q (vázáno) | ||
| 035 | |a (OCoLC)1329408958 | ||
| 040 | |a ABG001 |b cze |e rda | ||
| 041 | 1 | |a cze |h eng | |
| 072 | 7 | |a 821.111-3 |x Anglická próza, anglicky psaná |2 Konspekt | |
| 080 | |a 821.111-31 |2 MRF | ||
| 080 | |a (0:82-312.4) |2 MRF | ||
| 100 | 1 | |a Michaelides, Alex, |d 1977- |7 pna20201069008 |4 aut | |
| 240 | 1 | 0 | |a Maidens. |l Česky |
| 245 | 1 | 0 | |a Panny / |c Alex Michaelides ; přeložil Jakub Chodil |
| 250 | |a Vydání první | ||
| 264 | 1 | |a Praha : |b Motto, |c 2022 | |
| 300 | |a 285 stran ; |c 22 cm | ||
| 336 | |a text |b txt |2 rdacontent | ||
| 337 | |a bez média |b n |2 rdamedia | ||
| 338 | |a svazek |b nc |2 rdacarrier | ||
| 500 | |a Přeloženo z angličtiny | ||
| 520 | 2 | |a Kriminální psychologický thriller z prostředí Cambridgské univerzity, který začíná vraždou studentky, členky tajného spolku zvaného Panny. |b Edward Fosca je vrah. Mariana je o tom přesvědčená. Jenže pohledný a charismatický profesor řecké tragédie je na Cambridgeské univerzitě nedotknutelný. Studenti ho zbožňují, zejména členky tajného studentského spolku nazvaného Panny. A právě z jejich řad vzešla první oběť. Je vážně možné, že by se profesor zaměřil na jednu ze svých studentek? Když se objeví další tělo, Mariana se rozhodne Foscu zastavit - i kdyby ji to mělo stát její vlastní život. Nakladatelská anotace. | |
| 655 | 7 | |a anglicky psané romány |7 fd131805 |2 czenas | |
| 655 | 7 | |a thrillery (romány) |7 fd184206 |2 czenas | |
| 655 | 9 | |a fiction in English |2 eczenas | |
| 655 | 9 | |a thrillers (novels) |2 eczenas | |
| 700 | 1 | |a Chodil, Jakub, |d 1996- |7 ola20191050257 |4 trl | |
| 900 | |a ABA001 |b 20 | ||
| 928 | 9 | |a Albatros Media - Motto | |
| 044 | |a xr | ||
| 910 | |a RBIT002 | ||
| 998 | |d 350173 |a https://core.palmknihy.cz/api/books/350173/cover?si69ej |b https://core.palmknihy.cz/api/books/350173/cover/400?si69ej |c https://core.palmknihy.cz/api/books/350173/cover/50?si69ej |e 2027-02-28 |g 288 |i 9788026722328 |j https://core.palmknihy.cz/api/books/350173/preview.epub |k https://core.palmknihy.cz/api/books/350173/preview.pdf |l |q 49 |r 1 |s https://www.palmknihy.cz/kniha/350173 |t ebook |y 2022 |z 0 | ||
| 999 | |d 311533 | ||